[PL] 66 Flag terytoriów zależnych i zamorskich - Statystyki

Ogólne statystyki
  • Ten quiz został rozwiązany 85 razy
  • Średni wynik to 39 z 67
Statystyki odpowiedzi
Obrazkowy Odpowiedź % Poprawnych
Aruba
94%
Niue
86%
Makau
84%
Wyspy Alandzkie
84%
Mariany Północne
82%
Wyspy Kokosowe
82%
Gujana Francuska
80%
Wyspa Man
80%
Nowa Kaledonia
78%
Wyspa Norfolk
78%
Guam
76%
Bermudy
74%
Grenlandia
74%
Samoa Amerykańskie
74%
Wyspy Dziewicze Stanów Zjednoczonych
74%
Cypr Północny
72%
Guernsey
72%
Somaliland
72%
Tokelau
72%
Wyspy Cooka
72%
Wyspy Owcze
72%
Curaçao
70%
Polinezja Francuska
70%
Wyspa Bożego Narodzenia
70%
Naddniestrze
68%
Saharyjska Arabska Republika Demokratyczna
68%
Abchazja
66%
Bonaire
66%
Sint Maarten
66%
Wallis i Futuna
66%
Jersey
64%
Martynika
64%
Anguilla
62%
Falklandy
62%
Reunion
62%
Hawaje
60%
Wyspa Wielkanocna
60%
Gwadelupa
58%
Irlandia Północna
58%
Madera
58%
Majotta
58%
Turks i Caicos
58%
Górski Karabach
56%
Kajmany
56%
Osetia Południowa
56%
Saba
56%
Saint-Pierre i Miquelon
54%
Pitcairn
52%
Montserrat
50%
Wyspa Świętej Heleny
50%
Azory
48%
Wyspy Kanaryjskie
48%
Sardynia
46%
Szetlandy
42%
Sint Eustatius
38%
Wyspa Wniebowstąpienia
38%
Brytyjskie Wyspy Dziewicze
36%
Saint-Barthélemy
34%
Georgia Południowa i Sandwich Południowy
30%
Francuskie Terytoria Południowe i Antarktyczne
28%
Tristan da Cunha
28%
Baleary
26%
Brytyjskie Terytorium Antarktyczne
26%
Wyspa Midway
18%
Galapagos
14%
Lord Howe
14%
Helgoland
10%
Nie znaleziono quizów pasujących do podanych kryteriów
Rozkład punktacji
Procent ludzi z każdym wynikiem
Percentyl według liczby udzielonych odpowiedzi
Twoja historia wyników
Nie rozwiązałeś tego quizu